000
00229nam a2200085Ia 4500
005
20250523154323.0
008
250523s9999 xx 000 0 und d
245
0
_a
Ece Yüce/Ece nin Kardeşi Doğdu
_c
Gülten Dayıoğlu
260
_b
ALTIN
999
_c
12053
_d
12053